Pursuit / (Record no. 11464)
[ view plain ]
| 000 -LEADER | |
|---|---|
| fixed length control field | 00898cam a22003013a 4500 |
| 001 - CONTROL NUMBER | |
| control field | 16416478 |
| 003 - CONTROL NUMBER IDENTIFIER | |
| control field | LC |
| 005 - DATE AND TIME OF LATEST TRANSACTION | |
| control field | 20160317150103.0 |
| 008 - FIXED-LENGTH DATA ELEMENTS--GENERAL INFORMATION | |
| fixed length control field | 960129s1996 nyu 000 1 eng d |
| 010 ## - LIBRARY OF CONGRESS CONTROL NUMBER | |
| LC control number | 97812999 |
| 020 ## - INTERNATIONAL STANDARD BOOK NUMBER | |
| International Standard Book Number | 9780451180605 |
| 035 ## - SYSTEM CONTROL NUMBER | |
| System control number | (OCoLC)ocm34098261 |
| 040 ## - CATALOGING SOURCE | |
| Original cataloging agency | JDP |
| Transcribing agency | JDP |
| Modifying agency | SVP |
| -- | OCL |
| -- | DLC |
| 050 00 - LIBRARY OF CONGRESS CALL NUMBER | |
| Classification number | PZ 7 |
| Item number | .Ad211 1996 |
| 082 ## - DEWEY DECIMAL CLASSIFICATION NUMBER | |
| Classification number | FIC Ad1p |
| Item number | 1996 |
| 100 1# - MAIN ENTRY--PERSONAL NAME | |
| Personal name | Adams, Zach. |
| 9 (RLIN) | 20316 |
| 245 10 - TITLE STATEMENT | |
| Title | Pursuit / |
| Statement of responsibility, etc | Zach Adams. |
| 260 ## - PUBLICATION, DISTRIBUTION, ETC. (IMPRINT) | |
| Place of publication, distribution, etc | New York, N.Y., U.S.A. : |
| Name of publisher, distributor, etc | Onyx, |
| Date of publication, distribution, etc | c1996. |
| 300 ## - PHYSICAL DESCRIPTION | |
| Extent | 285 p. ; |
| Dimensions | 18 cm. |
| 500 ## - GENERAL NOTE | |
| General note | "An Onyx book." |
| 650 #0 - SUBJECT ADDED ENTRY--TOPICAL TERM | |
| Topical term or geographic name as entry element | Abduction |
| Form subdivision | Fiction. |
| 9 (RLIN) | 20317 |
| 650 #0 - SUBJECT ADDED ENTRY--TOPICAL TERM | |
| Topical term or geographic name as entry element | Children |
| General subdivision | Crimes against |
| Form subdivision | Fiction. |
| 9 (RLIN) | 20318 |
| 655 #7 - INDEX TERM--GENRE/FORM | |
| Genre/form data or focus term | Mystery fiction. |
| Source of term | gsafd |
| 9 (RLIN) | 4089 |
| 710 2# - ADDED ENTRY--CORPORATE NAME | |
| Corporate name or jurisdiction name as entry element | Copyright Paperback Collection (Library of Congress) |
| Institution to which field applies | DLC |
| 9 (RLIN) | 705 |
| 906 ## - LOCAL DATA ELEMENT F, LDF (RLIN) | |
| a | 7 |
| b | cbc |
| c | copycat |
| d | 2 |
| e | ncip |
| f | 19 |
| g | y-genrareb |
| 942 ## - ADDED ENTRY ELEMENTS (KOHA) | |
| Source of classification or shelving scheme | Library of Congress Classification |
| Koha item type | Books |
| Withdrawn status | Lost status | Source of classification or shelving scheme | Damaged status | Home library | Current library | Shelving location | Date acquired | Total Checkouts | Full call number | Barcode | Date last seen | Copy number | Price effective from | Koha item type |
|---|---|---|---|---|---|---|---|---|---|---|---|---|---|---|
| Library of Congress Classification | Luxembourg Library | Luxembourg Library | Fiction Section | 09/17/2013 | PZ 7 .Ad211 1996 | 5268 | 07/24/2015 | 1 | 09/17/2013 | Books |